000
00311 a2200109 4500
001
ART_42326
005
20260410161807.0
008
260409a
245
1
0
_a
Sociedades descartables
100
1
_a
Miguel, Luis A.
773
0
_t
Doctrina Societaria y Concursal
_g
- NÂș 278 (ene. 2011)
_w
REV4298
999
_c
21129
_d
21129